Como leer el Evangelio
Guardat en:
| Autor principal: | |
|---|---|
| Format: | Llibre |
| Idioma: | espanyol |
| Publicat: |
Santiago
Ediciones Paulinas
1964
|
| Edició: | 1a. ed |
| Col·lecció: | Colección Bíblica, 4
|
| Matèries: | |
| Etiquetes: |
Afegir etiqueta
Sense etiquetes, Sigues el primer a etiquetar aquest registre!
|
MARC
| LEADER | 00000cam a2200000 a 4500 | ||
|---|---|---|---|
| 001 | UCE4354 | ||
| 003 | CL-VaPUC | ||
| 008 | 141023e19640000cl |||||||||||||||||spa|d | ||
| 082 | 0 | 4 | |a 220.61 |b CHA |2 21 |
| 100 | 0 | |a Chasles, Madeleine |e author |9 576933 | |
| 245 | 1 | 0 | |a Como leer el Evangelio |
| 250 | |a 1a. ed | ||
| 300 | |a 61 p | ||
| 942 | |c BK | ||
| 945 | |d 20141023 15:21:00 |a dcastane | ||
| 260 | |a Santiago |b Ediciones Paulinas |c 1964 | ||
| 650 | 0 | |a Textos sagrados |9 257605 | |
| 650 | 0 | |a Lecturas bíblicas |9 430948 | |
| 583 | |a last modification |c 20141023 15:21:00 |k Rodrigo Vera | ||
| 490 | 0 | |a Colección Bíblica, 4 | |
| 999 | |c 357349 |d 357347 | ||
| 952 | |0 0 |1 0 |3 erb |4 0 |6 220_610000000000000_CHA_1964 |7 0 |8 P |9 465247 |a BIBTEO |b BIBTES |c TEO_FTES |i 5119073 |o 220.61 CHA 1964 |p 5119073 |r 2024-01-18 |w 2019-11-23 |y BK |z Catalogado en:20141023 |k ICR | ||